| 000 | 00881 a2200301 4500 | ||
|---|---|---|---|
| 999 |
_c10623 _d26257 |
||
| 001 | 10623 | ||
| 003 | TR-AnTOB | ||
| 005 | 20230413215854.0 | ||
| 008 | 110616s2000 txu 001 0 g d | ||
| 020 | _a0030259487 | ||
| 040 |
_aDLC _cDLC _dDLC _beng _erda |
||
| 041 | 0 | _aeng | |
| 050 |
_aHB171.5 _b.B38 2000 |
||
| 090 | _aHB171.5 .B38 2000 | ||
| 100 | 1 |
_aBaumol, William J. _eauthor _91771 |
|
| 245 | 1 | 0 |
_aEconomics : _bprinciples and policy / _cWilliam J. Baumol, Alan S. Blinder. |
| 250 | _aEighth edition | ||
| 264 | 1 |
_aFort Worth : _bDryden Press, _c2000. |
|
| 300 |
_axxxii, 816 pages : _billustrations, maps ; _c29 cm |
||
| 336 |
_atext _btxt _2rdacontent |
||
| 337 |
_aunmediated _bn _2rdamedia |
||
| 338 |
_avolume _bnc _2rdacarrier |
||
| 500 | _aİncludes index. | ||
| 650 |
_aEconomics _963487 |
||
| 700 |
_aBlinder, Alan S. _91772 |
||
| 942 |
_cBK _2lcc |
||